The Norton anthology of poetry / (Record no. 37822)
[ view plain ]
| 000 -LEADER | |
|---|---|
| fixed length control field | 00941nam a2200325 a 4500 |
| 001 - CONTROL NUMBER | |
| control field | 37822 |
| 003 - CONTROL NUMBER IDENTIFIER | |
| rucl marc code | MCM |
| 005 - DATE AND TIME OF LATEST TRANSACTION | |
| control field | 20211209052648.0 |
| 008 - FIXED-LENGTH DATA ELEMENTS--GENERAL INFORMATION | |
| fixed length control field | 150729s1975 nyu 001 0 eng d |
| 020 ## - INTERNATIONAL STANDARD BOOK NUMBER | |
| International Standard Book Number | 0393092518 |
| 035 ## - SYSTEM CONTROL NUMBER | |
| System control number | BD-RjUL |
| System control number | (BD-RjUL) 37927 |
| System control number | GLIS00039996 |
| 040 ## - CATALOGING SOURCE | |
| Original cataloging agency | VIC |
| Transcribing agency | VIC |
| Modifying agency | BD-RjUL |
| Language of cataloging | eng |
| 041 ## - LANGUAGE CODE | |
| Language code of text/sound track or separate title | eng |
| 082 ## - DEWEY DECIMAL CLASSIFICATION NUMBER | |
| Classification number | 821 |
| Author mark and year | NOR 1975 |
| 090 ## - LOCALLY ASSIGNED LC-TYPE CALL NUMBER (OCLC); LOCAL CALL NUMBER (OCLC) | |
| Classification number (OCLC) (R) ; Classification number, CALL (RLIN) (NR) | PR1174 |
| Local cutter number (OCLC) ; Book number/undivided call number, CALL (RLIN) | .N62 1975 |
| 099 ## - LOCAL FREE-TEXT CALL NUMBER (OCLC) | |
| Bangla Class number | PR1174.N62 1975 |
| 245 04 - TITLE STATEMENT | |
| Title | The Norton anthology of poetry / |
| Statement of responsibility, etc. | Alexander W. Allison ... [et al.]. |
| 250 ## - EDITION STATEMENT | |
| Edition statement | Rev. shorter ed. |
| 260 ## - PUBLICATION, DISTRIBUTION, ETC. (IMPRINT) | |
| Place of publication, distribution, etc. | New York : |
| Name of publisher, distributor, etc. | Norton, |
| Date of publication, distribution, etc. | c1975. |
| 300 ## - PHYSICAL DESCRIPTION | |
| Pagination | xxvii, 660 p. ; |
| Size | 23 cm. |
| 500 ## - GENERAL NOTE | |
| General note | First ed. by Arthur M. Eastman. |
| General note | Includes index. |
| 650 #0 - SUBJECT ADDED ENTRY--TOPICAL TERM | |
| Topical term or geographic name as entry element | English poetry. |
| 9 (RLIN) | 117172 |
| Topical term or geographic name as entry element | American poetry. |
| 9 (RLIN) | 117173 |
| 700 1# - ADDED ENTRY--PERSONAL NAME | |
| Personal name | Allison, Alexander W. |
| Fuller form of name | (Alexander Ward) |
| Personal name | Eastman, Arthur M., |
| Dates associated with a name | 1918- |
| 942 ## - ADDED ENTRY ELEMENTS (KOHA) | |
| Source of classification or shelving scheme | Dewey Decimal Classification |
| Koha item type | Books |
| Lost status | Source of classification or shelving scheme | Damaged status | Not for loan | Collection code | Permanent Location | Current Location | Shelving location | Date acquired | Source of acquisition | Total Checkouts | Full call number | Date last seen | Date checked out | Copy number | Koha item type |
|---|---|---|---|---|---|---|---|---|---|---|---|---|---|---|---|
| Dewey Decimal Classification | Non-fiction | Central Library, University of Rajshahi | Central Library, University of Rajshahi | 03/09/2008 | U.S. Asia Foundation | 1 | 821 NOR 1975 | 29/08/2023 | 21/08/2023 | C-3 | Books |